00441nam a2200181Ia 4500003000400000008004100004040001600045082002100061100002100082245004300103700001200146260002900158300001100187650001500198650001300213650001000226650002300236GCL140319s9999 xx 000 0 eng d aGCL / cGCL04aCHb823.087bB L1 aBURNETT, FRANCES10aA LITTLE PRINCESS / cBURNETT, FRANCES1 aHODGSON a[S.N] : bLADYBURD BOOKS a50 p p04aLITERATURE04aCHILDREN04aTALES04aCHILDREN - STORIES